000 00865nmc a2200289 a 4500
003 AR-BaBNM
005 20251128211346.0
008 164020s2003 ||||||||||||||000 | spa||
020 _a950-581-707-X
040 _cAR-BaBNM
100 1 _aVarela, Brisa
245 1 0 _aLas ciencias sociales en el nivel inicial
_bandamios para futuros/as ciudadanos/as
250 _a1ª ed.
260 _aBuenos Aires
_bEdiciones Colihue
_c2003
300 _a118 p.
490 0 _aNuevos caminos en educación inicial
504 _aContiene referencias bibliográficas p. 115-118
650 4 _aENSENANZA DE LAS CIENCIAS SOCIALES
650 4 _aDIFERENCIAS ENTRE SEXOS
650 4 _aRESULTADOS DE INVESTIGACION
653 _aGENERO
653 _aEDUCACION INICIAL
700 1 _aFerro, Lila
800 1 _aSan Martín de Duprat, Hebe
942 _cBK
998 _craquel
999 _c19325
_d19325